• 首页
  • 本馆介绍
  • 公告通知
  • 最新文献
  • 馆藏检索
  • 电子资源
  • 读者荐购
  • 参考咨询
  • CALIS
  • 我的图书馆
  • 登录
  • 详细信息显示
  • 放入我的书架
  • 预约/预借图书
  • 作者相关作品
  • 分类相关作品
  • 丛书相关作品
  • 出版社相关作品

书目信息

  • 表格格式
  • 工作单格式
  • 卡片格式
题名:
雅思写作真题答案词
    
 
作者: 周展珊 编著
分册:  
出版信息: 大连   大连理工大学出版社  2024.07
页数: 221页
开本: 26cm
丛书名:
单 册:
中图分类: H315
科图分类:
主题词: 英语--ying yu--写作--水平考试--自学参考资料
电子资源:
ISBN: 978-7-5685-4989-9
 
 
 
 
 
000 01474nam0 2200277 450
001 CAL 012024086907
005 20251022100437.79
010    @a978-7-5685-4989-9@dCNY45.00
099    @aCAL 012024086907
100    @a20240814d2024 em y0chiy0120 ea
101 0  @achi@aeng
102    @aCN@b210000
105    @ay z 000yy
106    @ar
200 1  @a雅思写作真题答案词@Aya si xie zuo zhen ti da an ci@f周展珊编著
210    @a大连@c大连理工大学出版社@d2024.07
215    @a221页@d26cm
314    @a周展珊, 威学金牌写作老师, 拥有标化语言考试教学经验, 擅长带领各分数段学员冲刺写作高分、满分深入了解ETS出题思路, 善于搭建多个写作高分框架 独创托福“十大剖题技巧”。
330    @a本书紧贴雅思写作考试, 分为“小作文”和“大作文”两大章节。“小作文”聚焦数据类图表以及地图和流程图, 而“大作文”着重于各类话题, 包括社会、教育、科技、政府、媒体、环境以及犯罪。每个章节包含答案词、翻译练习和例句分析三大板块, 旨在全方位提升考生的写作能力。书中的单词、词组和句子来自历年雅思写作官方范文及雅思写作高分范文。在附录部分, 整理了近三年雅思写作考试真题, 并对每一个考题进行了话题和类型细分, 帮助考生熟悉和练习历年雅思写作真题。同时, 考生在备考过程中可以把前面学习和积累的话题答案词运用到相关话题的写作练习中, 为实际考试做好充分准备。
606 0  @a英语@Aying yu@x写作@x水平考试@j自学参考资料
690    @aH315@v5
701  0 @a周展珊@Azhou zhan shan@4编著
801  0 @aCN@c20250919
905    @a河南城建学院图书馆@dH315@eZ816@ZZ816@f1
921    @aBMQZ@bRTBOOK
998    @aRTBOOK
    
    雅思写作真题答案词/周展珊编著.-大连:大连理工大学出版社,2024.07
    221页;26cm
    
    
    ISBN 978-7-5685-4989-9:CNY45.00
    本书紧贴雅思写作考试, 分为“小作文”和“大作文”两大章节。“小作文”聚焦数据类图表以及地图和流程图, 而“大作文”着重于各类话题, 包括社会、教育、科技、政府、媒体、环境以及犯罪。每个章节包含答案词、翻译练习和例句分析三大板块, 旨在全方位提升考生的写作能力。书中的单词、词组和句子来自历年雅思写作官方范文及雅思写作高分范文。在附录部分, 整理了近三年雅思写作考试真题, 并对每一个考题进行了话题和类型细分, 帮助考生熟悉和练习历年雅思写作真题。同时, 考生在备考过程中可以把前面学习和积累的话题答案词运用到相关话题的写作练习中, 为实际考试做好充分准备。
●
相关链接 在E读中查询图书 在当当中查询图书 在豆瓣中查询图书


正题名:雅思写作真题答案词     索取号:H315/Z816         预约/预借

序号 登录号 条形码 馆藏地/架位号 状态 备注
1 1637735   216377356   语言库209/209语言库 8排1列2层/ [索取号:H315/Z816] 在馆    
河南城建学院图书馆 欢迎您!
大连网信软件有限公司© 版权所有